Estudio esporo-polínico de la formación Guaduas (Maastrichtiense-alcoceno) en la Sabana de Bogotá (Colombia) / (Record no. 180443)

MARC details
000 -LEADER
campo de control de longitud fija 00749nam a2200181 i 4500
001 - NÚMERO DE CONTROL
campo de control 180443
003 - IDENTIFICADOR DE NÚMERO DE CONTROL
campo de control ES-MaACL
005 - FECHA Y HORA DE LA ÚLTIMA TRANSACCIÓN
campo de control 20230906221110.0
008 - DATOS DE LONGITUD FIJA--INFORMACIÓN GENERAL
campo de control de longitud fija 120604s1970 sp |||| | spa d
100 1# - ENTRADA PRINCIPAL--NOMBRE DE PERSONA
Nombre de persona Solé Sanromá, Núria.
9 (RLIN) 150342
245 10 - MENCIÓN DEL TÍTULO
Título Estudio esporo-polínico de la formación Guaduas (Maastrichtiense-alcoceno) en la Sabana de Bogotá (Colombia) /
Mención de responsabilidad, etc. Nuria Solé Sanromà.
260 ## - PUBLICACIÓN, DISTRIBUCIÓN, ETC.
Lugar de publicación, distribución, etc. Barcelona :
Nombre del editor, distribuidor, etc. Universidad de Barcelona, Secretariado de Publicaciones, Intercambio Científico y Extensión Universitaria,
Fecha de publicación, distribución, etc. 1970.
300 ## - DESCRIPCIÓN FÍSICA
Extensión 10 p. ;
Dimensiones 24 cm.
502 ## - NOTA DE TESIS
Nota de tesis Resumen de tesis--Universidad Barcelona.
650 #4 - PUNTO DE ACCESO ADICIONAL DE MATERIA--TÉRMINO DE MATERIA
Término de materia o nombre geográfico como elemento de entrada Micropaleontología.
9 (RLIN) 150316
710 2# - ENTRADA AGREGADA--NOMBRE DE ENTIDAD CORPORATIVA
Nombre de entidad corporativa o nombre de jurisdicción como elemento de entrada Universidad de Barcelona.
9 (RLIN) 7141
852 ## - LOCALIZACIÓN
Ubicación ES-MaACL
Número de control de estantería E-15362(38)
Holdings
Estatus retirado Estado de pérdida Estado de daño No para préstamo Biblioteca de origen Biblioteca actual Ubicación en estantería Fecha de adquisición Fuente de adquisición Total de préstamos Signatura topográfica completa Código de barras Visto por última vez Precio de reemplazo Tipo de ítem Koha
        Biblioteca del Ateneo de Madrid Biblioteca del Ateneo de Madrid Depósito 2 04/06/2012     E-15362(38) 1189599 23/02/2023 23/02/2023 Libro impreso